Servidores públicos federais : (Record no. 1576)

MARC details
000 -LÍDER
Campo Fixo de Controle 00877nam a2200265 a 4500
001 - NÚMERO DE CONTROLE
Campo de Controle 1576
003 - IDENTIFICAÇÃO DO NÚMERO DE CONTROLE
Campo de Controle BR-CuiBMT
005 - DATA E HORA DA ÚLTIMA ATUALIZAÇÃO
Campo de Controle 20231215230411.0
008 - DADOS FIXOS
Dados Fixos 231213s2015 dfba 000 0 por d
040 ## - AGÊNCIA CATALOGADORA
Código da Agência Catalogadora BR-CuiBMT
Agência que transcreveu o registro BR-CuiBMT
080 ## - Nº DA CLASSIFICAÇÃO DECIMAL UNIVERSAL
Nº Class. CDU 35.08
Nº edição CDU 2007
090 ## - NÚMERO DE CHAMADA
Nº classificação 35.08
Cutter S491
245 00 - TÍTULO PRINCIPAL
Título principal Servidores públicos federais :
Subtítulo nossos olhares e perspectivas /
Indicação de responsabilidade organizadores Alessandro de Oliveira Gouveia Freire, Pedro Lucas de Moura Palotti.
260 ## - PUBLICAÇÃO, DISTRIBUIÇÃO, ETC.
Local de publicação Brasília :
Editora ENAP ;
Data 2015.
300 ## - DESCRIÇÃO FÍSICA
N. páginas ou volumes 132 p. :
Ilustrações il. ;
Dimensões 30 cm
490 1# - INDICAÇÃO DE SÉRIE
Título da série Cadernos ENAP ;
Volume/designação sequencial da série 42
504 ## - NOTA DE BIBLIOGRAFIA, ETC.
Nota de bibliografia Inclui bibliografia.
650 ## - ASSUNTO TÓPICO
Cabeçalho tópico ou nome geográfico Administração pública
Subdivisão geográfica Brasil
650 ## - ASSUNTO TÓPICO
Cabeçalho tópico ou nome geográfico Agente público
650 ## - ASSUNTO TÓPICO
Cabeçalho tópico ou nome geográfico Previdência social
700 1# - ENTRADA SECUNDÁRIA -- NOME PESSOAL
Nome pessoal Freire, Alessandro de Oliveira Gouveia
Cód. do termo explicativo org.
700 1# - ENTRADA SECUNDÁRIA -- NOME PESSOAL
Nome pessoal Palotti, Pedro Lucas de Moura
Cód. do termo explicativo org.
830 ## - ENTRADA SECUNDÁRIA DE SÉRIE -- TÍTULO UNIFORME
Título uniforme Cadernos ENAP ;
Nº do volume/designação sequencial da série 42
942 ## - ELEMENTOS DE ENTRADA ADICIONAIS (KOHA)
Fonte de classificação ou esquema de arquivamento Classificação Decimal Universal
Tipo de item do Koha Livros
Holdings
Estado: removido Estado: perdido Fonte de classificação ou esquema de arquivamento Estado: danificado Indisponível para empréstimo Localização permanente Localização atual Data de aquisição Total Checkouts Número de Chamada completo Código de barras Date last seen Número do exemplar Preço efetivo a partir de Tipo de item (Koha)
    Classificação Decimal Universal     Biblioteca da Escola Superior de Contas do TCE/MT Biblioteca da Escola Superior de Contas do TCE/MT 15/12/2023   35.08 S491 BIBTCEMT23120622 15/12/2023 Ex. 1 15/12/2023 Livros

Powered by Koha